Quy trình dựng nhà sàn cổ của người Thái đen ở Mường Thanh (tỉnh Điện Biên)
Giới thiệu chuẩn bị nguyên vật liệu; dựng nhà, lên nhà mới. Đề cập đến ẩm thực - văn nghệ trong ngày lên nhà mới, sắp xếp sinh hoạt.
Đã lưu trong:
| Tác giả chính: | |
|---|---|
| Định dạng: | Sách |
| Năm xuất bản: |
H.
Văn hóa dân tộc
2011
|
| Chủ đề: | |
| Tags: |
Thêm thẻ
Không có thẻ, Hãy là người đầu tiên gắn thẻ bản ghi này!
|
| LEADER | 00834nam a2200181 4500 | ||
|---|---|---|---|
| 082 | |a 398.36 |b Qu600tr | ||
| 100 | |a Tòng Văn Hân | ||
| 245 | |a Quy trình dựng nhà sàn cổ của người Thái đen ở Mường Thanh (tỉnh Điện Biên) |c Tòng Văn Hân | ||
| 260 | |a H. |b Văn hóa dân tộc |c 2011 | ||
| 300 | |a 367tr. |c 21cm | ||
| 520 | |a Giới thiệu chuẩn bị nguyên vật liệu; dựng nhà, lên nhà mới. Đề cập đến ẩm thực - văn nghệ trong ngày lên nhà mới, sắp xếp sinh hoạt. | ||
| 653 | |a Văn hóa dân gian Việt Nam | ||
| 653 | |a Dân tộc Thái | ||
| 653 | |a Nhà sàn | ||
| 653 | |a Điện Biên | ||
| 942 | |2 ddc |c SH | ||
| 999 | |c 7646 |d 7646 | ||
| 952 | |0 0 |1 0 |2 ddc |4 0 |6 398_360000000000000_QU600TR |7 0 |8 300 |9 68444 |a qbu |b qbu |c D2 |d 2015-03-12 |o 398.36 Qu600tr |p 7851.C1 |r 0000-00-00 |w 2015-03-12 |y SH | ||